| 000 | 00614nac a22001811u 4500 | ||
|---|---|---|---|
| 020 | _a8172249039 | ||
| 082 |
_a658.3124 _bSLO |
||
| 090 |
_c9481 _d9481 |
||
| 100 | _a20080729 | ||
| 245 |
_aA handbook for training strategy / _c Martyn Sloman |
||
| 260 |
_aNew Delhi: _bJaico Publishing,2001 _c2001 |
||
| 300 |
_a223p.: _bill.; _c23 cm. |
||
| 500 | _adistributer: Al-Ahram | ||
| 504 | _aIncludes bibliographical references and index. | ||
| 511 | _acatalogued by: wessam | ||
| 650 |
_aEmployees _vHandbooks, manuals, etc. _xTraining of |
||
| 942 |
_cBB _k658.3124 SLO |
||
| 999 |
_c9481 _d9481 |
||